Studies in early mysticism in the Near and Middle East : (Record no. 57664)
[ view plain ]
| 000 -LEADER | |
|---|---|
| fixed length control field | 01037nam a2200229 a 4500 |
| 001 - CONTROL NUMBER | |
| control field | 57664 |
| 003 - CONTROL NUMBER IDENTIFIER | |
| rucl marc code | BD-RJUL |
| 005 - DATE AND TIME OF LATEST TRANSACTION | |
| control field | 20211209080535.0 |
| 008 - FIXED-LENGTH DATA ELEMENTS--GENERAL INFORMATION | |
| fixed length control field | 161211s1931 enk 001 0 eng c |
| 035 ## - SYSTEM CONTROL NUMBER | |
| System control number | (BD-RJUL)57788 |
| 040 ## - CATALOGING SOURCE | |
| Original cataloging agency | CSU |
| Transcribing agency | CSU |
| Modifying agency | OCL |
| -- | BD-RJUL |
| Language of cataloging | eng |
| 041 ## - LANGUAGE CODE | |
| Language code of text/sound track or separate title | eng |
| 082 ## - DEWEY DECIMAL CLASSIFICATION NUMBER | |
| Classification number | 149.3 |
| Edition number | 23 |
| Author mark and year | SMS 1931 |
| 090 ## - LOCALLY ASSIGNED LC-TYPE CALL NUMBER (OCLC); LOCAL CALL NUMBER (OCLC) | |
| Classification number (OCLC) (R) ; Classification number, CALL (RLIN) (NR) | BV5075 |
| Local cutter number (OCLC) ; Book number/undivided call number, CALL (RLIN) | .S6 1931 |
| 100 1# - MAIN ENTRY--PERSONAL NAME | |
| Personal name | Smith, Margaret, |
| Dates associated with a name | 1884-1970. |
| 9 (RLIN) | 171246 |
| 245 10 - TITLE STATEMENT | |
| Title | Studies in early mysticism in the Near and Middle East : |
| Remainder of title | being an account of the rise and development of early Christian mysticism in the Near and Middle East up to the seventh century, and of the subsequent development of mysticism in Islām known as Sūfism together with some account of the relationship between early Christian mysticism and the earliest form of Islamic mysticism. |
| Statement of responsibility, etc. | Margaret Smith |
| 260 ## - PUBLICATION, DISTRIBUTION, ETC. (IMPRINT) | |
| Place of publication, distribution, etc. | London : |
| Name of publisher, distributor, etc. | The Sheldon Press, |
| Date of publication, distribution, etc. | 1931. |
| 300 ## - PHYSICAL DESCRIPTION | |
| Pagination | x,276 p. ; |
| Size | 23cm. |
| 504 ## - BIBLIOGRAPHY, ETC. NOTE | |
| Bibliography, etc | Includes index and Bibliography of authors consulted": p. 258-263. |
| 650 #0 - SUBJECT ADDED ENTRY--TOPICAL TERM | |
| Topical term or geographic name as entry element | Mysticism |
| 9 (RLIN) | 170678 |
| 942 ## - ADDED ENTRY ELEMENTS (KOHA) | |
| Source of classification or shelving scheme | Dewey Decimal Classification |
| Koha item type | Books |
| Lost status | Source of classification or shelving scheme | Damaged status | Not for loan | Collection code | Permanent Location | Current Location | Shelving location | Date acquired | Source of acquisition | Cost, normal purchase price | Total Checkouts | Full call number | Date last seen | Copy number | Koha item type |
|---|---|---|---|---|---|---|---|---|---|---|---|---|---|---|---|
| Dewey Decimal Classification | Not For Loan | Non-fiction | Central Library, University of Rajshahi | Central Library, University of Rajshahi | Reading Room | 26/11/1966 | Q.Y.Qurashi | 10.05 | 149.3 SMS 1931 | 11/12/2016 | C-1 | Books |